00866nam a2200229 a 450000500170000000800410001704000250005804100080008309000130009110000320010424501220013626000350025830000070029365000320030065000250033265000360035765000430039366200130043694200130044999900150046295201590047720200104041528.0140304b1999 xxu|||||rm||| 00| 0 eng d aCO-BoIAVHcCO-BoIAVH aeng aTEb0101 aGómez Cely, Doriam Milena aDistribution, use and conservation of brown caiman (Caiman crocodilus fuscus, Cope, 1868) in Colombiaba GIS approach aHullbUniversity of Hullc1999 a75 aDistribución geográfica aUso de biodiversidad aConservación de biodiversidad aSistemas de información geográfica aColombia cTESIS2z c2150d2150 00102z40708TESISIINV2017aBogotabBogotad2001-03-09eSamper, Cristiánl0oTE-0101p003655r2012-12-04 00:00:00tEj. 1w2012-12-04xDonacionyTESIS